Countries that recgonize Taiwan as a country - Statistics

General Stats
  • This quiz has been taken 7 times
  • The average score is 7 of 14
Answer Stats
Country % Correct
Marshall Islands
100%
Palau
100%
Nauru
83%
Tuvalu
83%
Honduras
67%
Paraguay
67%
Belize
50%
eSwatini
50%
Guatemala
50%
Vatican City
33%
Haiti
17%
Nicaragua
17%
Saint Lucia
17%
Saint Vincent and The Grenadies
0%
No matching quizzes found
Score Distribution
Percent of People with Each Score
Percentile by Number Answered
Your Score History
You have not taken this quiz